000 003080000a22001450004500
020 _a07460 5183 2
082 0 4 _aB W340t
100 1 _aWatt, Fiona
245 1 0 _aTrucks / Fiona Watt
260 _aLondon : Usborne House
300 _a[ 8 p. ]
500 _aTexto de pasta dura
001 506
942 _cLGB
999 _c47721
_d47721